Normal view
MARC view
- قانون العقوبات - الاردن
Entry Topical Term
001 - CONTROL NUMBER
- control field: 58778
003 - CONTROL NUMBER IDENTIFIER
- control field: JO-AjAnu
005 - DATE AND TIME OF LATEST TRANSACTION
- control field: 20230606083621.0
008 - FIXED-LENGTH DATA ELEMENTS
- fixed length control field: 230606|| aca||aabn | a|a d
040 ## - CATALOGING SOURCE
- Original cataloging agency: JO-AjAnu
- Transcribing agency: JO-AjAnu
150 ## - HEADING--TOPICAL TERM
- Topical term or geographic name entry element: قانون العقوبات - الاردن
670 ## - SOURCE DATA FOUND
- Source citation: Work cat.: (JO-AjAnu)29982: اعداد ربابعة، محمد كايد؛ اشراف عبد الحكيم محسن عطروش, author 58777, النظم العقابية الحديثة في القانون الاردني ودورها في تحقيق الاصلاح والتاهيل في المؤسسات العقابية (دراسة مقارنة) = Modern penal systems in jordanian law and their role in achieving reform and rehabilitation in penal institutions(Acomparative sludy)